000 00430nam a22001577a 4500
003 OSt
005 20211224102749.0
008 211224b |||||||| |||| 00| 0 eng d
020 _a8188237590
040 _cHU
100 _aMIGLANI GURBACHAN S.
_924894
245 _aDEVELOPMENTAL GENETICS
260 _aNEW DELHI
_bI.K. INTERNATIONAL PUBLISHING HOUSE PVT. LTD.
_c2006
300 _aXV 765 p.
_bPC
_c28
942 _2ddc
_cBOOKS
_n0
999 _c23934
_d23934